Individuálna účtovná závierka v samospráve za rok 2024
Týmto príspevkom uzatvárame tematiku zostavenia individuálnej účtovnej závierky v účtovných jednotkách samosprávy. V predchádzajúcich číslach sme sa zaoberali uzatvorením účtovných kníh a tabuľkovou časťou poznámok. Proces zostavenia účtovnej závierky ukončíme tematikou spracovania textovej časti po...
Guardado en:
| Autor principal: | |
|---|---|
| Formato: | Capítulo de libro |
| Lenguaje: | eslovaco |
| Materias: | |
| Etiquetas: |
Sin Etiquetas, Sea el primero en etiquetar este registro!
|
MARC
| LEADER | 00000naa a2200000 4500 | ||
|---|---|---|---|
| 001 | 0308141 | ||
| 005 | 20250414122305.6 | ||
| 041 | 0 | |a slo | |
| 044 | |a SK | ||
| 245 | 1 | 0 | |a Individuálna účtovná závierka v samospráve za rok 2024 |c Miriam Majorová |
| 520 | |a Týmto príspevkom uzatvárame tematiku zostavenia individuálnej účtovnej závierky v účtovných jednotkách samosprávy. V predchádzajúcich číslach sme sa zaoberali uzatvorením účtovných kníh a tabuľkovou časťou poznámok. Proces zostavenia účtovnej závierky ukončíme tematikou spracovania textovej časti poznámok. | ||
| 610 | 2 | 0 | |a závierka účtovná |
| 610 | 2 | 0 | |a samospráva |
| 610 | 2 | 0 | |a účtovníctvo |
| 610 | 2 | 0 | |a súvaha |
| 610 | 2 | 0 | |a rozpočty |
| 100 | 1 | |a Majorová, Miriam | |